Detalles MARC
| 000 -CABECERA |
| campo de control de longitud fija |
01126cam a2200301 i 4500 |
| 001 - NÚMERO DE CONTROL |
| campo de control |
16157 |
| 003 - IDENTIFICADOR DEL NÚMERO DE CONTROL |
| campo de control |
DO-SdUEMH |
| 005 - FECHA Y HORA DE LA ÚLTIMA TRANSACCIÓN |
| campo de control |
20260115165932.0 |
| 007 - CAMPO FIJO DE DESCRIPCIÓN FÍSICA--INFORMACIÓN GENERAL |
| campo de control de longitud fija |
ta |
| 008 - DATOS DE LONGITUD FIJA--INFORMACIÓN GENERAL |
| campo de control de longitud fija |
211105s2006 dr a|||gr|||| 000 0 spa|d |
| 040 ## - FUENTE DE LA CATALOGACIÓN |
| Centro catalogador/agencia de origen |
DO-SdUEMH |
| Lengua de catalogación |
spa |
| Normas de descripción |
rda |
| 041 ## - CÓDIGO DE LENGUA |
| Código de lengua del texto/banda sonora o título independiente |
spa |
| 082 14 - NÚMERO DE LA CLASIFICACIÓN DECIMAL DEWEY |
| Número de clasificación |
RD307.76729345 R426D |
| Número de documento/Ítem |
R426m |
| Colección |
Colección Dominicana |
| 084 ## - OTRO NÚMERO DE CLASIFICACIÓN |
| Item number |
08-01026 |
| 100 ## - ENTRADA PRINCIPAL--NOMBRE DE PERSONA |
| Nombre de persona |
Corral, Julio C. |
| Término indicativo de función/relación |
autor |
| 245 10 - MENCIÓN DE TÍTULO |
| Título |
Lineamientos de políticas de desarrollo urbano para la ciudad de Mao / |
| Mención de responsabilidad, etc. |
Julio C. Corral, Angela Malagón, Evelio Toribio ; prólogo: Joaquín Gerónimo |
| 246 ## - FORMA VARIANTE DE TÍTULO |
| Título propio/Titulo breve |
Mao : |
| Resto del título |
Lineamientos de políticas de desarrollo urbano |
| 260 ## - PUBLICACIÓN, DISTRIBUCIÓN, ETC. |
| Date of publication, distribution, etc. |
1999 |
| 264 01 - PRODUCCIÓN, PUBLICACIÓN, DISTRIBUCIÓN, FABRICACIÓN Y COPYRIGHT |
| Lugar de producción, publicación, distribución, fabricación |
Santiago de los Caballeros : |
| Nombre del de productor, editor, distribuidor, fabricante |
CEUR / PUCMM, |
| Fecha de producción, publicación, distribución, fabricación o copyright |
1999 |
| 300 ## - DESCRIPCIÓN FÍSICA |
| Extensión |
233 páginas : |
| Otras características físicas |
ilustraciones, |
| Dimensiones |
28 cm. |
| 336 ## - TIPO DE CONTENIDO |
| Fuente |
rdacontent |
| Término de tipo de contenido |
texto |
| Código de tipo de contenido |
txt |
| 337 ## - TIPO DE MEDIO |
| Fuente |
rdamedia |
| Nombre del tipo de medio |
sin mediación |
| Código del tipo de medio |
n |
| 338 ## - TIPO DE SOPORTE |
| Fuente |
rdacarrier |
| Nombre del tipo de soporte |
volumen |
| Código del tipo de soporte |
nc |
| 504 ## - NOTA DE BIBLIOGRAFÍA, ETC. |
| Nota de bibliografía, etc. |
Bibliografías en paginas 222-223-224-225-226-227 |
| 505 2# - NOTA DE CONTENIDO CON FORMATO |
| Nota de contenido con formato |
La ciudad de Mao en el contexto subregional - Caracterización de la ciudad de Mao - Perfil, escenarios y lineamientos de políticas. |
| 942 ## - ELEMENTOS DE PUNTO DE ACCESO ADICIONAL (KOHA) |
| Fuente del sistema de clasificación o colocación |
Dewey Decimal Classification |
| Tipo de ítem Koha |
Libro |
| Suprimir en OPAC |
No |